| 000 | 00449nam a2200181Ia 4500 | ||
|---|---|---|---|
| 008 | 230524s9999 xx 000 0 und d | ||
| 020 | _a9780195694619 | ||
| 082 |
_a627 _bOJH |
||
| 100 |
_aC.S.P Ojha _942626 |
||
| 245 | 0 | _aEngineering Hydrology | |
| 250 | _a6 | ||
| 260 |
_aNew Delhi _bOxford _c2014 |
||
| 300 | _a"XXI,435{;" | ||
| 500 | _aQuantity Number: 1 | ||
| 650 | _aCivil | ||
| 700 |
_a" R.Berndtsson , P.Bhunya" _942627 |
||
| 942 | _cBK | ||
| 999 |
_c57638 _d57638 |
||